Countries of the Greek Civil War - Statistics

General Stats
  • This quiz has been taken 49 times
  • The average score is 6 of 7
Answer Stats
Answer % Correct
Soviet Union
96%
United Kingdom
96%
United States
96%
Bulgaria
85%
Greece
85%
Yugoslavia
83%
Albania
78%
No matching quizzes found
Score Distribution
Percent of People with Each Score
Percentile by Number Answered
Your Score History
You have not taken this quiz